000 00536nam a2200157 i 4500
001 71096
003 ES-MaACL
005 20230906171023.0
007 t|
008 040805m19241926mx ||||1| spa d
100 1 _aGastelum, Bernardo J.
_955932
245 1 0 _aLecciones de ginecología en el Hospital General [de México] /
_cpor Bernardo J. Gastelum ; jefe de clínica Alfonso Ortiz.
260 _aMéxico :
_bDepartamento Editorial de la Secretaría de Educación,
_c1924-26.
300 _a2 v. ;
_c24 cm.
852 _aES-MaACL
_jE-1384
999 _c71096
_d71096